You’ll be in my Heart. Tarzan - Statistics

General Stats
  • This quiz has been taken 11 times
  • The average score is 188 of 241
Answer Stats
Respuesta % Correct
be
100%
For
100%
forever
100%
heart.
100%
heart,
100%
I
100%
in
100%
my
100%
My
100%
No
100%
will
100%
you
100%
you.
100%
You
100%
you,
100%
you'll
100%
You'll
100%
and
88%
And
88%
do
88%
here,
88%
here
88%
so
88%
The
88%
to
88%
To
88%
cry.
75%
day
75%
Don't
75%
don't
75%
From
75%
have,
75%
Hold
75%
hold
75%
hold.
75%
It
75%
it
75%
matter
75%
more.
75%
Now
75%
on,
75%
on.
75%
take
75%
they
75%
They
75%
This
75%
this
75%
time,
75%
together.
75%
us
75%
us,
75%
we
75%
We
75%
what
75%
What
75%
When
75%
all
63%
all.
63%
arms
63%
around
63%
but,
63%
But
63%
'Cause
63%
feel?
63%
hand,
63%
Keep
63%
not
63%
Oh,
63%
one
63%
protect
63%
right.
63%
safe
63%
say.
63%
say,
63%
that
63%
tight.
63%
warm.
63%
We'll
63%
we're
63%
We're
63%
Yes,
63%
always.
50%
always,
50%
Always.
50%
at
50%
between
50%
bond
50%
broken.
50%
calls
50%
Can't
50%
can't
50%
crying.
50%
Deep
50%
destiny
50%
different
50%
each
50%
explain.
50%
got
50%
inside
50%
Just
50%
just
50%
know
50%
know?
50%
know.
50%
listen
50%
may
50%
must
50%
need
50%
other,
50%
see
50%
seem
50%
show
50%
small,
50%
stop
50%
strong.
50%
them,
50%
them
50%
They'll
50%
trust
50%
understand
50%
way
50%
Why
50%
with
50%
your
50%
you've
50%
Come,
38%
'Cos
13%
No matching quizzes found
Score Distribution
Percent of People with Each Score
Percentile by Number Answered
Your Score History
You have not taken this quiz